| 000 | 01347nam a2200349 i 4500 | ||
|---|---|---|---|
| 001 | 000042325 | ||
| 003 | DO-SdBNP | ||
| 005 | 20260407110253.0 | ||
| 007 | ta | ||
| 008 | 131125s2010 ag cf 000 0 spa d | ||
| 020 | _a9780979086571 | ||
| 040 |
_aDO-SdBNP _bspa _cBNPHU _erda |
||
| 041 | _aspa | ||
| 082 | 4 |
_a972.93054 _bP644i _222 |
|
| 100 | 1 |
_aPimentel, Thimo _eautor _96477 _4aut. |
|
| 245 | 1 | 0 |
_aIdentify, identify!!! : _by la memoria gráfica... / _cThimo Pimentel; fotografía, Juan Luis Duquela Barón; traducción, Cora Lichtschein, Pamela Piña. |
| 246 | 1 | _aImagenes de la guerra de abril de 1965 | |
| 264 | 4 |
_a[Buenos Aires, Argentina] : _bGráfica Ronor, _c©2010. |
|
| 300 |
_a184 páginas : _bilustraciones ; _c22 cm. |
||
| 336 |
_atexto _btxt _2rdacontent |
||
| 337 |
_asin mediación _bn _2rdamedia |
||
| 338 |
_avolumen _bnc _2rdacarrier |
||
| 500 | _aIncluye datos biografícos del autor en las solapas | ||
| 504 | _aBibliografía: página 183 | ||
| 590 | _aInventariado, 2019/MFF | ||
| 651 | 4 |
_aRepública Dominicana _xHistoria _yRevolución, 1965 _vFotografías _969379 |
|
| 700 | 1 | 2 |
_aDuquela Barón, Juan Luis _efotógrafo _969381 _4fot. |
| 700 | 1 | 2 |
_aLichtschien, Cora _etraductor _969382 _4trad. |
| 700 | 1 | 2 |
_aPiña, Pamela _etraductor _969383 _4trad. |
| 910 | _aValidado. Control de calidad MFF | ||
| 942 |
_2ddc _cLBS1 |
||
| 999 |
_c41814 _d41814 |
||